|
|
|
|
| LEADER |
00000nab a2200000 a 4500 |
| 001 |
vtls009277943 |
| 003 |
SK-MaSNL |
| 005 |
20260304163536.0 |
| 008 |
250507c1969 xo |||||| b ||00 b|slo |
| 015 |
|
|
|a SNBRB2008/03
|2 snkbucl
|
| 035 |
|
|
|a (uuid)aa8a13f1-f6ba-4f5f-a3d0-a34b58b5b17c
|
| 035 |
|
|
|a urn:nbn:sk:snk-abc3f5
|
| 035 |
|
|
|a (urnnbn)urn:nbn:sk:snk:ar-002spq
|
| 038 |
|
|
|a SNKBUCL
|
| 040 |
|
|
|a SNKBUCL
|b slo
|c SNKBUCL
|e AACR2
|
| 041 |
0 |
|
|a slo
|
| 044 |
|
|
|a xo
|c SK
|
| 080 |
|
|
|a 811.162.4`373.21
|2 1997
|
| 080 |
|
|
|a 81`373.21:811.162.4
|2 1997
|
| 080 |
|
|
|a 81`373.6:811.162.4
|2 1997
|
| 080 |
|
|
|a 811.162.4`373.6
|2 1997
|
| 100 |
1 |
|
|a Uhlár, Vlado,
|d 1912-1996
|4 aut
|9 106775
|
| 245 |
1 |
0 |
|a Tri liptovské miestne názvy
|c Vlado Uhlár
|
| 504 |
|
|
|a Bibliogr. odkazy v poznámkach
|
| 650 |
0 |
7 |
|a slovenčina
|2 snkbucl
|9 1350
|
| 650 |
0 |
7 |
|a ojkonymá
|2 snkbucl
|9 239133
|
| 650 |
0 |
7 |
|a názvy obcí
|2 snkbucl
|9 23789
|
| 650 |
0 |
7 |
|a etymológia
|2 snkbucl
|9 16982
|
| 651 |
|
7 |
|a Liptov (Slovensko : región)
|2 snkbucl
|9 151081
|
| 651 |
|
7 |
|a Iľanovo (Liptovský Mikuláš, Slovensko)
|2 SNKPHgeo
|9 172791
|
| 651 |
|
7 |
|a Ivachnová (Slovensko)
|2 snkbucl
|9 97950
|
| 651 |
|
7 |
|a Ľubochňa (Slovensko)
|2 snkbucl
|9 82539
|
| 773 |
0 |
|
|t Slovenská reč
|g Roč. 34, č. 4 (1969), s. 226-233
|
| 850 |
|
|
|a Slovenská národná knižnica
|
| 852 |
|
|
|a Slovenská národná knižnica
|
| 954 |
|
|
|a odborná, vedecká literatúra pôvodná (slovenská)
|2 lita
|
| 958 |
|
|
|a article15
|
| 958 |
|
|
|a OND
|
| 958 |
|
|
|a NB
|
| 958 |
|
|
|a EUIPO
|
| 999 |
|
|
|c 2977939
|d 2979869
|